[Event "AUTO-INT-2118"]
[Site "http://www.queenalice.com/game.php?id=973819"]
[Date "2011.8.17"]
[Round "1"]
[White "hmshmshms"]
[Black "alvarogoulart"]
[Result "1-0"]
[WhiteElo "1560"]
[BlackElo "1586"]

1. Nf3 g6 2. e4 Bg7 3. Bc4 e5 4. d3 d6 5. Ng5 Nh6 6. Nf3 Bg4 7. Bxh6 Bxh6 8. h3
Bxf3 9. Qxf3 O-O 10. g4 Nd7 11. Rg1 Nb6 12. Bb5 c6 13. Bc4 Nxc4 14. dxc4 Qb6 15.
b3 a5 16. Nc3 Bg5 17. Rd1 Rad8 18. Na4 Qb4+ 19. Ke2 b5 20. cxb5 Qxb5+ 21. Ke1 c5
22. Rh1 1-0

[Event "AUTO-INT-2118"]
[Site "http://www.queenalice.com/game.php?id=973820"]
[Date "2011.8.17"]
[Round "1"]
[White "alvarogoulart"]
[Black "robsonsouza"]
[Result "0-1"]
[WhiteElo "1610"]
[BlackElo "1649"]

1. e4 e5 2. Nf3 d6 3. Bc4 Bg4 4. h3 Bxf3 5. Qxf3 Nf6 6. d3 Nc6 7. Nc3 Nd4 8. Qd1
g6 9. Be3 Nc6 10. Qf3 Qe7 0-1

[Event "AUTO-INT-2118"]
[Site "http://www.queenalice.com/game.php?id=973821"]
[Date "2011.8.17"]
[Round "1"]
[White "robsonsouza"]
[Black "alvarogoulart"]
[Result "1-0"]
[WhiteElo "1663"]
[BlackElo "1596"]

1. e4 e5 2. Nf3 d6 3. h3 Nf6 4. d3 Nc6 5. Bg5 Be7 6. Bxf6 Bxf6 7. Be2 O-O 8. O-O
Nd4 9. Nxd4 exd4 10. Nd2 c5 11. Nc4 1-0

[Event "AUTO-ADV-2249"]
[Site "http://www.queenalice.com/game.php?id=973892"]
[Date "2011.8.18"]
[Round "1"]
[White "alvarogoulart"]
[Black "santiaguinoazul"]
[Result "0-1"]
[WhiteElo "1569"]
[BlackElo "1680"]

1. e4 e5 2. Nf3 Nc6 3. Bb5 Nf6 4. Bxc6 dxc6 5. d3 Bc5 6. O-O Bg4 7. h3 Bxf3 8.
Qxf3 h5 9. Bg5 Qd4 10. Nc3 Be7 11. Rab1 Bb4 12. Bxf6 gxf6 13. Qxf6 Kd7 14. Qxf7+
Be7 15. Ne2 Qc5 16. d4 Qxc2 17. Ng3 exd4 18. f3 h4 19. Nf5 Qc5 20. Rbd1 Raf8 21.
Qb3 d3+ 22. Kh1 Qc2 23. Rxd3+ Qxd3 0-1

[Event "AUTO-ADV-2249"]
[Site "http://www.queenalice.com/game.php?id=973893"]
[Date "2011.8.18"]
[Round "1"]
[White "santiaguinoazul"]
[Black "alvarogoulart"]
[Result "1-0"]
[WhiteElo "1692"]
[BlackElo "1557"]

1. e4 e5 2. Nf3 d6 3. Nc3 Bg4 4. Nd5 c6 5. Ne3 Nf6 6. Nxg4 Nxg4 7. Qe2 Be7 8. d3
Nd7 9. h3 Ngf6 10. Bg5 h6 11. Bxf6 Bxf6 12. O-O-O b5 13. c3 a5 14. d4 a4 15.
dxe5 Bxe5 16. Nxe5 Nxe5 17. f4 Nc4 18. e5 O-O 19. Qe4 a3 20. b4 d5 21. Qf3 Nb2
22. Rd4 Qe7 23. Bd3 1-0

[Event "AUTO-ADV-2249"]
[Site "http://www.queenalice.com/game.php?id=973894"]
[Date "2011.8.18"]
[Round "1"]
[White "alvarogoulart"]
[Black "nenem"]
[Result "0-1"]
[WhiteElo "1503"]
[BlackElo "1847"]

1. e4 a6 2. b3 e5 3. Bb2 Bc5 4. Nf3 d6 5. Bc4 Nf6 6. Ng5 O-O 7. Nc3 Nc6 8. Nf3
Bg4 9. h3 Bh5 10. g4 Bg6 11. Bd3 Nd4 12. Nxd4 Bxd4 13. Rb1 c5 14. Ne2 b5 0-1

[Event "AUTO-ADV-2249"]
[Site "http://www.queenalice.com/game.php?id=973895"]
[Date "2011.8.18"]
[Round "1"]
[White "nenem"]
[Black "alvarogoulart"]
[Result "1-0"]
[WhiteElo "1849"]
[BlackElo "1501"]

1. a3 e5 2. e4 Nf6 3. Nf3 d6 4. Bc4 Bg4 5. h3 Bh5 6. d3 a6 7. g4 Bg6 8. Nc3 h6
9. Nh4 Nxe4 10. Nxg6 Nxc3 11. Qf3 f6 12. bxc3 Rh7 13. Qd5 Qd7 14. Qg8 1-0

[Event "AUTO-ADV-2249"]
[Site "http://www.queenalice.com/game.php?id=973896"]
[Date "2011.8.18"]
[Round "1"]
[White "alvarogoulart"]
[Black "Flamengo"]
[Result "0-1"]
[WhiteElo "1505"]
[BlackElo "1676"]

1. e4 e5 2. Bc4 Nf6 3. Nf3 d6 4. Ng5 d5 5. exd5 Nxd5 6. d3 Be7 7. Bxd5 Qxd5 8.
Qf3 Qxf3 9. Nxf3 Nc6 10. c3 Bg4 11. Nbd2 O-O-O 12. h3 Bxf3 13. Nxf3 f5 14. Ng5
Bxg5 0-1

[Event "AUTO-ADV-2249"]
[Site "http://www.queenalice.com/game.php?id=973897"]
[Date "2011.8.18"]
[Round "1"]
[White "Flamengo"]
[Black "alvarogoulart"]
[Result "1-0"]
[WhiteElo "1685"]
[BlackElo "1496"]

1. e4 e5 2. Nf3 d6 3. h3 Nc6 4. Bb5 Bd7 5. Nc3 a6 6. Ba4 b5 7. Bb3 Na5 8. d4
Nxb3 9. axb3 Nf6 10. dxe5 dxe5 11. Bg5 Be7 12. Nxe5 Be6 13. Nc6 Qxd1+ 14. Rxd1
1-0

[Event "AUTO-OPEN-2448"]
[Site "http://www.queenalice.com/game.php?id=973936"]
[Date "2011.8.18"]
[Round "1"]
[White "serginh0w"]
[Black "alvarogoulart"]
[Result "1-0"]
[WhiteElo "2128"]
[BlackElo "1507"]

1. e4 e5 2. Nf3 d6 3. d4 exd4 4. Nxd4 Nf6 5. Nc3 Bd7 6. f3 Nc6 7. Bf4 Nh5 8. Be3
Nxd4 9. Qxd4 Be6 10. Qb4 b6 11. Qb5+ Bd7 12. Qxh5 Be7 13. Nd5 1-0

[Event "AUTO-OPEN-2448"]
[Site "http://www.queenalice.com/game.php?id=973960"]
[Date "2011.8.18"]
[Round "1"]
[White "jmformijm"]
[Black "alvarogoulart"]
[Result "1-0"]
[WhiteElo "1706"]
[BlackElo "1581"]

1. e4 e5 2. Nf3 d6 3. Bc4 Bg4 4. Nc3 Nf6 5. d4 exd4 6. Qxd4 Nc6 7. Bb5 Bxf3 8.
gxf3 Nd7 9. Bxc6 bxc6 10. Bf4 Nb6 11. O-O-O c5 12. Qd3 Be7 13. e5 dxe5 14. Qb5+
Qd7 15. Rxd7 Nxd7 16. Bxe5 Rb8 17. Qc6 Rb6 18. Qxc7 Nxe5 19. Qxe5 Rf6 20. Nd5
Re6 21. Nc7+ 1-0

[Event "AUTO-OPEN-2448"]
[Site "http://www.queenalice.com/game.php?id=973961"]
[Date "2011.8.18"]
[Round "1"]
[White "alvarogoulart"]
[Black "jmformijm"]
[Result "0-1"]
[WhiteElo "1497"]
[BlackElo "1779"]

1. b3 e5 2. Bb2 Nc6 3. e4 d6 4. Bb5 Be7 5. Nf3 Bg4 6. h3 Bd7 7. Bxc6 Bxc6 8. d3
Qd7 9. O-O f5 10. Nc3 Nf6 11. Ne2 fxe4 12. dxe4 Bxe4 13. Nc3 Bc6 14. a4 O-O 15.
b4 Qf5 16. b5 Bxf3 17. Qxf3 Qxf3 18. gxf3 Nh5 19. Kg2 Nf4+ 20. Kh2 Rf5 21. Ne4
Raf8 22. Ng3 R5f6 23. Bc1 Rh6 24. Ne2 Rxh3+ 25. Kg1 Nxe2+ 26. Kg2 Rhxf3 27. Be3
Bh4 0-1

[Event "AUTO-OPEN-2448"]
[Site "http://www.queenalice.com/game.php?id=973976"]
[Date "2011.8.18"]
[Round "1"]
[White "alvarogoulart"]
[Black "marcoswerneck"]
[Result "0-1"]
[WhiteElo "1472"]
[BlackElo "1792"]

1. e4 e5 2. Nf3 d6 3. Bc4 h6 4. d4 Bg4 5. h3 Bxf3 6. Qxf3 Qf6 7. Qxf6 Nxf6 8.
dxe5 Nxe4 9. e6 f6 10. O-O Nc6 11. Nd2 Nc5 12. Nf3 Be7 13. Be3 Ne4 14. c3 g5 15.
Bd5 f5 16. Nd4 Nxd4 17. Bxd4 Rg8 18. Bxb7 Rb8 19. Bc6+ Kd8 20. b4 a6 21. a4 h5
22. f3 Ng3 23. Rfe1 g4 24. fxg4 hxg4 25. hxg4 Rxg4 0-1

[Event "AUTO-OPEN-2448"]
[Site "http://www.queenalice.com/game.php?id=973977"]
[Date "2011.8.18"]
[Round "1"]
[White "marcoswerneck"]
[Black "alvarogoulart"]
[Result "1-0"]
[WhiteElo "1788"]
[BlackElo "1476"]

1. e4 e5 2. Nf3 Nc6 3. g3 Nf6 4. d3 Bc5 5. Be3 Bxe3 6. fxe3 Ng4 7. Qe2 Nb4 8.
Na3 Qe7 9. h3 Nf6 10. c3 Nc6 11. Qc2 O-O 12. g4 d5 13. d4 dxe4 14. Nd2 exd4 15.
exd4 e3 16. Nf3 Ne4 17. d5 Nd8 18. Nc4 Ng3 19. Rh2 Qh4 20. Nxh4 Re8 21. O-O-O b5
22. Na5 f6 23. Bd3 h6 24. d6 cxd6 25. Rg2 1-0